Charles F. Lummis /

Bibliographic Details
Main Author: Fleming, Robert E. (Robert Edward), 1936-
Format: Book
Language:English
Published: Boise, Idaho : Boise State University, [1981]
Series:Boise State University western writers series ; no. 50.
Subjects:

MARC

Tag First Indicator Second Indicator Subfields
LEADER 00000cam a2200000 a 4500
001 in00000008534
005 20151003070016.0
008 830620s1981 idu b s00010 eng
010 |a  81067304  
020 |a 0884300749 (pbk.) :  |c $2.00 
035 |a (OCoLC)07771093 
035 |9 AAA0928AM 
040 |a DLC  |c DLC  |d m/c  |d TXA  |d UtOrBLW 
043 |a n-usp-- 
050 0 0 |a PS3523.U49  |b Z66 1981 
082 0 |a 818/.409  |a B  |2 19 
100 1 |a Fleming, Robert E.  |q (Robert Edward),  |d 1936- 
245 1 0 |a Charles F. Lummis /  |c by Robert E. Fleming. 
264 1 |a Boise, Idaho :  |b Boise State University,  |c [1981] 
264 4 |c ©1981 
300 |a 53 pages ;  |c 21 cm. 
336 |a text  |b txt  |2 rdacontent 
337 |a unmediated  |b n  |2 rdamedia 
338 |a volume  |b nc  |2 rdacarrier 
490 1 |a Boise State University Western writers series ;  |v no. 50 
504 |a Bibliography: pages 51-53. 
600 1 0 |a Lummis, Charles Fletcher,  |d 1859-1928. 
650 0 |a Authors, American  |y 19th century  |v Biography. 
650 0 |a West (U.S.) in literature. 
830 0 |a Boise State University western writers series ;  |v no. 50. 
999 |a MARS 
999 f f |s 43d8f533-5c8f-38b4-9f17-9ae3a164b646  |i ff78a193-0f1a-30be-922f-4eec4bad4643  |t 0 
952 f f |p ric  |a Texas A&M University  |b Rellis Campus  |c Joint Library Facility  |d Remote Storage  |t 0  |e PS3523.U49 Z66 1981  |h Library of Congress classification  |i unmediated -- volume  |m A14812616149 
998 f f |a PS3523.U49 Z66 1981  |t 0  |l Remote Storage